| 000 | 00785cam a2200241 a 4500 | ||
|---|---|---|---|
| 001 | 14089252 | ||
| 005 | 20180313053425.0 | ||
| 008 | 050826s2007 njua b 001 0 eng | ||
| 010 | _a 2005025179 | ||
| 020 | _a0131193236 | ||
| 040 |
_aDLC _cDLC _dDLC |
||
| 041 | _aeng | ||
| 042 | _apcc | ||
| 080 | _a658.4053 bud | ||
| 082 | 0 | 0 |
_a658.4053 bud _222 |
| 100 | 1 | _a54 | |
| 101 | _aman | ||
| 245 | 1 | 0 |
_aConflict management : _cBarbara A. Budjac Corvette. |
| 504 | _aIncludes bibliographical references (p. 293-302) and index. | ||
| 906 |
_a7 _bcbc _corignew _d1 _eecip _f20 _gy-gencatlg |
||
| 942 |
_2ddc _cBK |
||
| 999 |
_c44858 _d44858 |
||